Movies Quiz

Random Movies or Disney Quiz

Disney Character by Voice Quiz Stats

Quiz Updated Apr 7, 2016

Also try: Disney Companions
Challenge
Share
Tweet
Score 0/16 Timer 10:00
0 Plays Today
# Character % Correct
1Genie
95.7%
5Ariel
82.4%
2Lilo Pelekai
72.8%
16Mufasa
72.8%
12Magic Mirror
71.7%
3Mushu
71.3%
11Hades
68.7%
10Smee
66.3%
# Character % Correct
9Maleficent
65.4%
7Yzma
60.5%
15Geppetto
51.4%
6Thomas O'Malley
50.3%
4Bagheera
46.7%
8Cogsworth
45.9%
14Claude Frollo
36.3%
13José Carioca
12%

You're not logged in!

Compare scores with friends on all Sporcle quizzes.
Join for Free
OR
Log In

You Might Also Like...

Show Comments

Extras

Top Quizzes Today


Score Distribution

Your Account Isn't Verified!

In order to create a playlist on Sporcle, you need to verify the email address you used during registration. Go to your Sporcle Settings to finish the process.

Report this User

Report this user for behavior that violates our Community Guidelines.

Details: